000 00324nam a22001457a 4500
008 230403b ||||| |||| 00| 0 eng d
020 _a0960386858
041 _aeng
080 _a721
082 _a721ACP
100 _a20
101 _aNDERTIM
245 _aCONCRETE PIPE DESIGN MANUAL
_cAMERICAN .C.P
942 _2udc
_cBK
999 _c59486
_d59486